000 00293nam a22001337a 4500
008 180214b xxu||||| |||| 00| 0 eng d
020 _a9780312566005
041 _aeng
080 _a371
100 _a46
101 _aEDU
245 _aSigns of Life in the USA
_cMaasik, S
942 _2udc
_cBK
999 _c42458
_d42458